Čerpanie dovolenky podľa Zákonníka práce

Ako stanovuje čerpanie dovolenky Zákonník práce. Právo určovať nástup na dovolenku má zamestnávateľ. Hromadné čerpanie dovolenky. Účel dovolenky.

Salvato in:
Dettagli Bibliografici
Autore principale: Jendrálová, Anna
Natura: Capitolo di libro
Lingua:slovacco
Soggetti:
Tags: Aggiungi Tag
Nessun Tag, puoi essere il primo ad aggiungerne!!

MARC

LEADER 00000naa a2200000 4500
001 r045791
005 20230925125824.8
041 0 |a slo 
044 |a SK 
245 1 0 |a Čerpanie dovolenky podľa Zákonníka práce  |c Anna Jendrálová 
520 |a Ako stanovuje čerpanie dovolenky Zákonník práce. Právo určovať nástup na dovolenku má zamestnávateľ. Hromadné čerpanie dovolenky. Účel dovolenky. 
610 2 0 |a dovolenka 
610 2 0 |a doba pracovná 
610 2 0 |a zamestnávatelia 
610 2 0 |a zákonník práce 
610 2 0 |a Slovensko 
100 1 |a Jendrálová, Anna